| 000 -LEADER |
| fixed length control field |
00425 a2200181 4500 |
| 003 - CONTROL NUMBER IDENTIFIER |
| control field |
OSt |
| 005 - DATE AND TIME OF LATEST TRANSACTION |
| control field |
20230105131125.0 |
| 008 - FIXED-LENGTH DATA ELEMENTS--GENERAL INFORMATION |
| fixed length control field |
230105b ||||| |||| 00| 0 eng d |
| 020 ## - INTERNATIONAL STANDARD BOOK NUMBER |
| International Standard Book Number |
9789385360091 |
| 040 ## - CATALOGING SOURCE |
| Original cataloging agency |
BMSCA |
| 041 ## - LANGUAGE CODE |
| Language code of text/sound track or separate title |
eng. |
| 082 ## - DEWEY DECIMAL CLASSIFICATION NUMBER |
| Classification number |
720.9543 |
| Item number |
PAN |
| 100 ## - MAIN ENTRY--PERSONAL NAME |
| Personal name |
Pandya, Yatin |
| 245 ## - TITLE STATEMENT |
| Title |
Courtyard houses of India |
| 260 ## - PUBLICATION, DISTRIBUTION, ETC. (IMPRINT) |
| Name of publisher, distributor, etc |
Mapin Publishing |
| Date of publication, distribution, etc |
2022 |
| Place of publication, distribution, etc |
Ahmedabad |
| 300 ## - PHYSICAL DESCRIPTION |
| Extent |
468 pages |
| 942 ## - ADDED ENTRY ELEMENTS (KOHA) |
| Source of classification or shelving scheme |
|